| 000 | 00763nam a2200205 u 4500 | ||
|---|---|---|---|
| 001 | 000374547 | ||
| 003 | AM-YeHGA | ||
| 005 | 20250618072303.0 | ||
| 008 | 041027s2004 ai r 000 0 arm d | ||
| 020 | _a999302905x (Պր. 1) | ||
| 040 | _aAM-YeHGA | ||
| 041 | 0 | _aarm | |
| 100 | 1 |
_aԿարապետյան, Վլադիմիր Սևանի, _d1946- _94174 |
|
| 245 | 1 | 0 |
_aՆեյրոլեզվաբանական ծրագրավորման համառոտ ձեռնարկ բոլորի համար / _cՎ. Կարապետյան. |
| 260 |
_aԵրևան : _bԶանգակ-97, _c2004. |
||
| 300 | _aպր. | ||
| 505 | 1 | 0 |
_gՊր. 1 (2004, 64 էջ) : _tՍուբմոդալ փոփոխությունների տեխնոլոգիա |
| 650 | 1 | 4 | _aՀոգեբանություն |
| 090 | _c144508 | ||
| 999 |
_c143127 _d143127 |
||